| 000 -LEADER |
| fixed length control field |
00610nam a22002057a 4500 |
| 003 - CONTROL NUMBER IDENTIFIER |
| control field |
OSt |
| 005 - DATE AND TIME OF LATEST TRANSACTION |
| control field |
20191029062623.0 |
| 008 - FIXED-LENGTH DATA ELEMENTS--GENERAL INFORMATION |
| fixed length control field |
180313b xxu||||| |||| 00| 0 spa d |
| 020 ## - INTERNATIONAL STANDARD BOOK NUMBER |
| International Standard Book Number |
9505200978 |
| 040 ## - CATALOGING SOURCE |
| Transcribing agency |
PJ |
| 100 ## - ASIENTO PRINCIPAL - NOMBRE DE PERSONA |
| Personal name |
Borda, Guillermo A. |
| 9 (RLIN) |
4 |
| 245 10 - MENCIÓN DE TÍTULO |
| Título propiamente dicho |
Tratado de derecho civil : |
| Parte restante del título |
contratos / |
| Mención de responsabilidad, etc |
Guillermo A. Borda. |
| 250 ## - EDITION STATEMENT |
| Edition statement |
6a. ed. act. |
| 260 ## - PUBLICATION, DISTRIBUTION, ETC. (IMPRINT) |
| Place of publication, distribution, etc |
Buenos Aires : |
| Name of publisher, distributor, etc |
Perrot, |
| Date of publication, distribution, etc |
1990. |
| 300 ## - DESCRIPCION FISICA |
| Extent |
2 v. |
| Dimensions |
23 cm. |
| 500 ## - NOTA GENERAL |
| General note |
Notas y citas bibliográficas a pie de página. |
| 650 #0 - ASIENTO SECUNDARIO DE MATERIA - TERMINO TEMATICO |
| Topical term or geographic name as entry element |
DERECHO CIVIL |
| 9 (RLIN) |
352 |
| 650 #0 - ASIENTO SECUNDARIO DE MATERIA - TERMINO TEMATICO |
| Topical term or geographic name as entry element |
CONTRATOS CIVILES |
| 9 (RLIN) |
1589 |
| 942 ## - ADDED ENTRY ELEMENTS (KOHA) |
| Source of classification or shelving scheme |
|
| Koha item type |
Libros |
| Classification part |
347(035) |
| Item part |
BOR |